Geographic terms - Statistics

General Stats
  • This quiz has been taken 31 times
  • The average score is 36 of 52
Answer Stats
Clue Answer % Correct
B) Name for a coral reef extending froma shore, creating a sheltered lagoon, Ex: Great ______ Reef Barrier
97%
C) Navigable channel of water, ex:Panama and Erie Canal
94%
C) A deep gorge created from weatheringor erosion from a river. Ex: the Grand _____ Canyon
94%
D) A natural or manmade barrier to stop waterflow from a river or lake. Ex: The Hoover ___ Dam
94%
E) The shaking of the ground due to tectonicplates moving Earthquake
94%
G) Large open body of water beyond a curvedcoastline. Ex: Between Florida and Mexico Gulf
94%
I) Period of time where Earth was much cooler anddominated by ice sheets and glaciers Ice Age
94%
K) The southern islands of Florida are known as these. Ex: ____ West, FL Key
94%
L) Superior, Michigan, Ontario, Huron and Erie arelarge examples of these Lake
94%
S) Largest hot desert on Earth Sahara
94%
B) Large open body of water sheltered on some sides by water. Ex: Hudson ____ Bay
90%
D) Occurs at the mouth of a river where tributaries split off into branches Delta
90%
F) Long narrow inlet with steep cliffs, found allover coastal Norway Fjord
90%
I) This large block of ice caused the Titanic to sink Iceberg
90%
O) Vast areas of water. Ex: The Atlantic and Pacific Ocean
90%
P) Stretch of land surrounded by water but still connectedto the mainland. Ex: Florida or Cape Cod Peninsula
90%
G) The study of lands, people, places, etc onEarth Geography
87%
J) The Amazon rainforest is the largest one of these Jungle
87%
R) Dense area of vegetation and forest with heavyrainfall. Ex: the Amazon Rainforest
87%
S) The ocean is ____ water, not freshwater Salt
87%
U) An area of high density population/a city area Urban
87%
W) Niagara is an example of one Waterfall
87%
Z) A protected environment with animal enclosures for public viewing Zoo
87%
A) A ring shaped coral reef that partiallyencloses a lagoon. Ex: Bikini Atoll
84%
H) The northern parts of Scotland are known as these Highlands
84%
M) Molten rock under the Earths surface Magma
84%
R) The Great Barrier off of Australia is the worldslargest coral ____ Reef
84%
V) A low area between hills/mountains Valley
84%
F) A crack/fracture in the Earths crust wherequakes occur. San Andreas is one of them Fault
81%
N) Yellowstone is one of these areas protected and run by the government National Park
81%
V) A small area of relatively few people, smaller than a townbut larger than a hamlet Village
81%
A) Term for a group/chain of islands,for example, Hawaii Archipelago
77%
Q) Place where rock is excavated from the ground Quarry
77%
T) A butte or mesa with a flat top on its summit. Cape Townis close to one Table
65%
L) Small area of water separated by a narrow stripof land Lagoon
58%
O) Curved lake formed when a meander is cut off from the river Oxbow
55%
E) The lower course of a river where it entersinto the ocean, affected by tides Estuary
52%
P) A vast, fertile area of grassland in South America Pampa
52%
J) A manmade structure that extends into the wateras a breakaway to the ocean, mostly made of rock Jetty
48%
M) The curves/bends of a river produced by continuouserosion Meander
48%
T) The wind blowing from behind an aircraft or vessel Tailwind
48%
X) The horizontal measurement line that runs east and west X Axis
45%
Y) The opposite of the above, running north and south Y Axis
45%
Z) Public regulation of land and building use for a particular placein a town/city Zoning
45%
Q) Term for a square area such as a small park Quad
39%
H) Direction in which the bow/nose of a vessel or aircraft is pointed Heading
23%
U) An area of higher elevation, often atop a plateau Upland
13%
W) The upper portion of the ground where a well can be installedfor groundwater Water Table
10%
K) Shallow, sediment filled area of water. Also referredto as a pothole Kettle
6%
N) Narrow stretch of land with water on each side, suchas an isthmus Neck
6%
X) Drought resistant plant species capable of holding water ina minimal rainfall environment Xerophytic
0%
Y) A streamlined rock formation carved by years of wind and sanderosion Yardang
0%
No matching quizzes found
Score Distribution
Percent of People with Each Score
Percentile by Number Answered
Your Score History
You have not taken this quiz